00456nam a2200181 a 4500001001300000003000900013005001700022008004100039020002200080082001600102100002300118245001200141260003600153300001000189500003500199650001700234700002300251nice12345678IN_TiNIC20260116014415.0140902s2003 muma grp 000 0 eng  a818847908X c9000a291.4bBAL5 aBalsekar, Ramesh S aSeeking aMumbai bYogiimpressions c2003 a113p  aincludes index and biblioraphy aSpirituality1 aBalsekar, Ramesh S